000 00675nam a2200253Ia 4500
003 OSt
005 20220918194947.0
006 a|||||r|||| 00| 0
007 ta
008 220917b |||||||| |||| 00| 0 eng d
024 _a82,689
037 _cTextual
040 _aARTS
_cARTS
_beng
041 _2eng
_aeng
082 _aS1:78, L2
100 _aTinbergen E A
_988186
245 0 _aEarly childhood autism and ethological approach
260 _aBerlin
_bPaul Perey
_c1972
300 _a52p.
_ccm.
650 _aPSYCHOLOGY
700 _a Tinbergen N
_988187
942 _hS1:78, L2
_cTEXL
_2CC
999 _c206407
_d206407